Finančná analýza podniku bakalárska práca

Enregistré dans:
Détails bibliographiques
Auteur principal: Šimková, Katarína
Collectivité auteur: Fakulta podnikového manažmentu EU. Katedra podnikových financií
Autres auteurs: Škriniar, Pavel, 1979-
Format: Livre
Langue:slovaque
Publié: Bratislava 2012
Tags: Ajouter un tag
Pas de tags, Soyez le premier à ajouter un tag!

MARC

LEADER 00000nbm a2200000 4500
001 0154213
005 20161109111827.3
041 0 |a slo 
044 |a SK 
245 1 0 |a Finančná analýza podniku  |b bakalárska práca  |c Katarína Šimková ; školiteľ: Pavel Škriniar 
264 1 |a Bratislava  |c 2012 
300 |a 65 s. 
100 1 |a Šimková, Katarína 
700 1 |a Škriniar, Pavel, 1979- 
710 2 |a Fakulta podnikového manažmentu EU. Katedra podnikových financií